Civil Court Rulings Vol.III (Record no. 20320)

MARC details
000 -LEADER
fixed length control field 00295nam a22001217a 4500
008 - FIXED-LENGTH DATA ELEMENTS--GENERAL INFORMATION
fixed length control field 231205b |||||||| |||| 00| 0 eng d
100 ## - MAIN ENTRY--AUTHOR NAME
Personal name R.C. Khera
245 ## - TITLE STATEMENT
Title Civil Court Rulings Vol.III
260 ## - PUBLICATION, DISTRIBUTION, ETC. (IMPRINT)
Place of publication Delhi
Name of publisher Civil Court Ruling
Year of publication 1995
300 ## - PHYSICAL DESCRIPTION
Number of Pages 896
546 ## - LANGUAGE NOTE
Language note English
942 ## - ADDED ENTRY ELEMENTS (KOHA)
Source of classification or shelving scheme Dewey Decimal Classification
Koha item type Books
Holdings
Accession Number Source of acquisition Price effective from Koha item type Withdrawn / writtenoff status Damaged status Not for loan Permanent Location Current Location Shelving location Date acquired Lost/ Missing status department
LLB 1008 Donated By Dr. Kiran Chaudhary & Mr. Sushil Chaudhary 12/05/2023 Books       MIET Library, Jammu MIET Library, Jammu 199/2 12/02/2023   BBA LLB